[Event "Mecklenburg VP LL2 West 1011"]
[Site "Mecklenburg VP"]
[Date "2011.04.10"]
[Round "9.6"]
[White "Thiel, Bernd Peter"]
[Black "Baldur, Fitz"]
[Result "1-0"]
[WhiteElo "1614"]
[BlackElo "1561"]
[PlyCount "69"]
[EventDate "2010.10.10"]
[EventType "team-tourn"]
[EventRounds "9"]
[EventCountry "GER"]
[SourceTitle "EXT 2022"]
[Source "ChessBase"]
[SourceDate "2021.10.06"]
[SourceVersion "1"]
[SourceVersionDate "2021.10.06"]
[SourceQuality "1"]
[WhiteTeam "Schwerin SV Einheit"]
[BlackTeam "Ludwigslust Post SV II"]
[WhiteTeamCountry "GER"]
[BlackTeamCountry "GER"]

1. f4 c6 2. Nf3 d5 3. e3 Bg4 4. Be2 e6 5. b3 Be7 6. Bb2 Bf6 7. Bxf6 Nxf6 8. d3 h6 9. 0-0 Nbd7 10. Nbd2 Qc7 11. Qe1 Bf5 12. h3 Rg8 13. g4 Bh7 14. Qh4 0-0-0 15. a4 Nf8 16. Ne5 Ne8 17. b4 f6 18. Nef3 Qb6 19. Qf2 Qxb4 20. Rfb1 Qe7 21. Nb3 Nd7 22. Na5 Nb6 23. Nxb7 Rd7 24. Na5 Qc5 25. Nb3 Qd6 26. d4 Bxc2 27. Ba6+ Kd8 28. Qxc2 g5 29. a5 Nc4 30. Bxc4 gxf4 31. Bd3 Rdg7 32. Nc5 Rxg4+ 33. hxg4 Rxg4+ 34. Kh1 Nc7 35. Nb7+ 1-0